000 00499pam a2200205 a 4500
020 _c
040 _aMedical College Lib.
041 _aENG
_hENG
082 _a611
_bGRA
100 _aGray`s , .
245 _aGray`s Anatomy /
_c
_hTextual Documents
260 _a :
_bChurchill ,
_c1989.
300 _a1598:
_c
365 _a630=00
653 _aAnatomy
_aMedical Science
700 _aWelliams , P. H. .
930 _a2397
999 _c2396
_d2396